Responses for Show #1971 - Monday, March 15, 1993

Debby Arnold game 1.

Contestants

[<< previous game]

Pat Mitchell, an educational consultant from Clifton Heights, Pennsylvania

Debby Arnold, a registered nurse from Atlanta, Georgia

Michael Kane, a business owner from Chicago, Illinois (whose 2-day cash winnings total $33,000)

[next game >>]

Jeopardy! Round responses

MOLLUSKS
THE 1992 FALL TV SEASON
GROUPS
QUOTES
SALAD DAYS
COUNTIES
    $100 2
oysters

Pat
    $100 26
a radio station

Pat
    $100 21
a huddle

Debby
    $100 7
Richard Nixon

Michael
    $100 13
croutons

Michael
    $100 1
Washington

Debby
    $200 9
shells

Debby
    $200 27
Florida

Pat
    $200 22
a clan

Debby
    $200 8
Muhammad Ali

Pat
    $200 17
William Shakespeare

Michael
    $200 3
New York

Pat
    $300 10
a nautilus

Debby
    $300 28
In the Heat of the Night

Triple Stumper
    $300 23
a sect

Pat
    $300 14
the Magna Carta

Michael
    $300 18
feta

Debby
    $300 4
Texas

Pat
    $400 11
(Debby: What is catch food?)

to attach itself to a surface

DebbyPat
    $400 29
Robert Urich

Pat
    $400 24
a troop (troupe)

Michael
    $700 15
Marshall McLuhan

Michael
    $400 19
Thousand Island

Debby
    $400 5
South Carolina

Michael
    $500 12
a scallop

Debby
    $500 30
Washington, D.C

Triple Stumper
    $500 25
a clique

Pat
    $500 16
Louis Armstrong

Michael
    $500 20
radicchio

Pat
    $500 6
Arizona

Michael

Scores at the first commercial break (after clue 15):

Michael Debby Pat
$2,100 $700 $1,200

Scores at the end of the Jeopardy! Round:

Michael Debby Pat
$3,200 $1,700 $3,200

Double Jeopardy! Round responses

WORLD GEOGRAPHY
BIBLICAL WOMEN
COLLEGES & UNIVERSITIES
HISTORY
DRAMA
LESSER KNOWN NAMES
    $200 1
the Sea of Japan

Pat
    $200 26
Mary

Michael
    $200 6
Utah

Debby
    $200 11
Seoul

Debby
    $200 13
Grant

Debby
    $200 21
Washington Irving

Debby
    $400 2
the Pyrenees

Debby
    $400 27
Eve

Debby
    $400 7
Yale

Debby
    $400 12
Romania

Debby
    $400 14
A Midsummer Night's Dream

Michael
    $400 22
Columbus

Michael
    $600 3
Sweden

Pat
    $500 28
(Debby: Who is Margaret?)
(Alex: No, sorry, who is the one with the famous dance? [*].)

Salome

Debby
    $600 8
the University of Chicago

Pat
    $600 18
Ireland

Pat
    $600 15
Eugene O'Neill

Debby
    $600 23
camels

Michael
    $800 4
St. John's

Pat
    $800 29
Ruth

Michael
    $800 9
Vermont

Pat
    $800 19
England

Debby
    $3,000 16
Cat on a Hot Tin Roof

Debby
    $800 24
(Pat: What is mead?)
(Michael: What is a cask of brandy?)

wine (Malmsey)

MichaelPat
Triple Stumper
    $1000 5
[Laughter when Alex read "desert" as "dessert"]
...
(Alex: I hope they don't clean that one up in editing... silly of me, but obviously, I'm hungry.)

the Atacama Desert

Pat
    $1000 30
(Pat: Who is Sarah?)

Rachel

Pat
Triple Stumper
    $1000 10
Emory

Pat
    $1000 20
St. Petersburg

Michael
    $1000 17
Harold Pinter

Michael
    $1000 25
(Michael: Who is Nijinsky?)

Vernon Castle

Michael
Triple Stumper

Scores at the end of the Double Jeopardy! Round:

Michael Debby Pat
$5,800 $8,000 $7,000

[wagering suggestions for these scores]

Final Jeopardy! Round responses

PUBLISHING
MichaelWhat McGraw
$5,800
PatWhat is Stevenson?
$4,601
DebbyWhat is MacMillan?
$6,001
MacMillan

Final scores:

Michael Debby Pat
$0 $14,001 $2,399
3rd place: Ventura luggage + Wheel of Fortune & Jeopardy! for the Super Nintendo Entertainment System & Sega Genesis New champion: $14,001 2nd place: Bassett dining room set + Michael C. Fina flatware

Game dynamics:

Coryat scores:

Michael Debby Pat
$5,500 $6,300 $7,000
16 R
(including 1 DD),
2 W
19 R
(including 1 DD),
2 W
(including 1 DD)
19 R,
2 W

Combined Coryat: $18,800

[game clues] [game scores] [suggest correction]

Game tape date: 1992-11-18
The J! Archive is created by fans, for fans. Scraping, republication, monetization, and malicious use prohibited; this site may use cookies and collect identifying information. See terms. The Jeopardy! game show and all elements thereof, including but not limited to copyright and trademark thereto, are the property of Jeopardy Productions, Inc. and are protected under law. This website is not affiliated with, sponsored by, or operated by Jeopardy Productions, Inc. Join the discussion at JBoard.tv.